|
|
|
|
| LEADER |
00000nam0a2200000 4500 |
| 001 |
306018 |
| 005 |
20231102001845.0 |
| 035 |
|
|
|a (RuTPU)RU\TPU\book\331294
|
| 090 |
|
|
|a 306018
|
| 100 |
|
|
|a 20151002d1965 km y0rusy50 ca
|
| 101 |
0 |
|
|a rus
|
| 102 |
|
|
|a RU
|
| 105 |
|
|
|a a z 001zy
|
| 200 |
1 |
|
|a Стабилизированные усилительные устройства на транзисторах
|f И. М. Полковский
|
| 210 |
|
|
|a Москва
|a Ленинград
|c Энергия
|d 1965
|
| 215 |
|
|
|a 215 с.
|c ил.
|
| 320 |
|
|
|a Библиогр.: с. 211-214
|
| 606 |
1 |
|
|a Усилители транзисторные
|2 stltpush
|3 (RuTPU)RU\TPU\subj\72462
|9 85973
|
| 610 |
1 |
|
|a режим питания
|
| 610 |
1 |
|
|a схемы
|
| 610 |
1 |
|
|a режим покоя
|
| 610 |
1 |
|
|a температура
|
| 610 |
1 |
|
|a влияние
|
| 610 |
1 |
|
|a стабилизация
|
| 610 |
1 |
|
|a усилительные каскады
|
| 610 |
1 |
|
|a расчеты
|
| 610 |
1 |
|
|a стабилизирующие устройства
|
| 675 |
|
|
|a 621.375.4
|v 3
|
| 700 |
|
1 |
|a Полковский
|b И. М.
|
| 801 |
|
1 |
|a RU
|b 63413507
|c 20151002
|
| 801 |
|
2 |
|a RU
|b 63413507
|c 20211025
|g RCR
|
| 942 |
|
|
|c BK
|